| 000 | 01021nam0a2200277 4500 | ||
|---|---|---|---|
| 001 | RU\NLR\bibl\9985 | ||
| 005 | 20250615011100.0 | ||
| 010 |
_a5-7133-0931-2 _93000 |
||
| 021 |
_aRU _b98-14577 _9688 |
||
| 035 | _a(NLR Aleph) 000009775 | ||
| 090 |
_a32159 _c32159 |
||
| 100 | _a19981215d1998 |||y0rusy50 ca | ||
| 101 | 1 | _arus | |
| 102 | _aRU | ||
| 105 | _a||||||||||||| | ||
| 200 | 1 |
_aМеждународные экономические организации _eСправ. _fХ.-А. Шреплер _g[Пер. С.А. Тюпаева, И.Н. Фомичева] |
|
| 210 |
_aМ. _cМеждунар. отношения _d1998 |
||
| 215 |
_a454 с. _d22 |
||
| 606 | 0 |
_aМеждународные экономические организации _jСправочники _91113892 _3RU\NLR\auth\66120681 |
|
| 686 | _aХ916.102я2 | ||
| 700 | 1 |
_aШреплер _bХ. -А. _gХанс-Альбрехт _4070 |
|
| 801 | 0 |
_aRU _bNLR _c19981215 _gPSBO |
|
| 801 | 1 |
_aRU _bNLR _c19981215 |
|
| 852 |
_aNLR _j98-5/1875 |
||
| 942 | _cBOOK | ||
| 980 | _aNB | ||